Statistics for NCAA BASKETBALL .. WHICH STATE ARE THEY FROM?

Click here to take the quiz!

General Stats

  • This quiz has been taken 23 times
  • The average score is 24 of 33

Answer Stats

HintAnswer% Correct
Auburn TigersAlabama
95%
Notre Dame Fighting IrishIndiana
91%
Duke Blue DevilsNorth Carolina
91%
Richmond SpidersVirginia
91%
Rutgers Scarlet KnightsNew Jersey
86%
Providence FriarsRhode Island
86%
Clemson TigersSouth Carolina
86%
BYU CougarsUtah
86%
Harvard CrimsonMassachusetts
82%
VCU RamsVirginia
82%
Yale BulldogsConnecticut
77%
Vanderbilt CommodoresTennessee
77%
Stephen F. Austin LumberjacksTexas
77%
Gonzaga BulldogsWashington
77%
Princeton TigersNew Jersey
73%
St. John's Red StormNew York
73%
Wake Forest Demon DeaconsNorth Carolina
73%
Marquette Golden EaglesWisconsin
73%
Saint Mary's GaelsCalifornia
68%
Butler BulldogsIndiana
68%
Villanova WildcatsPennsylvania
68%
DePaul Blue DemonsIllinois
64%
Drake BulldogsIowa
64%
Creighton BluejaysNebraska
64%
Seton Hall PiratesNew Jersey
64%
Davidson WildcatsNorth Carolina
64%
Xavier MusketeersOhio
64%
Old Dominion MonarchsVirginia
64%
Murray State RacersKentucky
59%
George Mason PatriotsVirginia
59%
Iona GaelsNew York
55%
Oral Roberts Golden EaglesOklahoma
55%
Duquesne DukesPennsylvania
55%

Score Distribution

Percentile by Number Answered

Percent of People with Each Score

Your Score History

You have not taken this quiz